Movies Quiz

Random Movies Quiz
Score 0/25 Timer 05:00
0 Plays Today
Hint Answer % Correct
The Numbers Of Bullseye (answer with numerals)3
88.9%
The Numbers Of Bullseye (answer with numerals)5
88.9%
The Numbers Of Bullseye (answer with numerals)4
77.8%
The Numbers Of Bullseye (answer with numerals)2
77.8%
The Numbers Of Bullseye (answer with numerals)1
77.8%
The Numbers Of Bullseye (answer with numerals)10
55.6%
The Numbers Of Bullseye (answer with numerals)16
55.6%
The Numbers Of Bullseye (answer with numerals)50
44.4%
The Numbers Of Bullseye (answer with numerals)22
44.4%
The Duos Of Bullseye (answer without titles or last names)Gerald
44.4%
The Duos Of Bullseye (answer without titles)Willie
33.3%
The Duos Of Bullseye (answer without titles)John
33.3%
The Numbers Of Bullseye (answer with numerals)371
22.2%
Hint Answer % Correct
The Duos Of Bullseye (answer without titles)Jolene
22.2%
The Duos Of Bullseye (answer without titles)Zoe
22.2%
The Duos Of Bullseye (answer without titles)Nigel
22.2%
The Duos Of Bullseye (answer without titles)Francesca
22.2%
From the word, write the quote (without the hint word)I never should have listened to you, you're a
22.2%
From the word, write the quote (without the hint word)There goes our not guilty
22.2%
The Interconnections Of BullseyeCrook
22.2%
The Interconnections Of BullseyeBarbados
22.2%
From the word, write the quote (without the hint word)I trust they're
11.1%
The Impersonations of BullseyeSinging window cleaner
11.1%
The Impersonations of Bullseyetuner, food
11.1%
The Numbers Of Bullseye (answer with numerals)1363412136
0%

You're not logged in!

Compare scores with friends on all Sporcle quizzes.
OR
Log In

Sporcle TV

Today on Sporcle TV


Watch our educational content, quiz creation guides, and fun videos on Sporcle TV.

Show Comments

Extras

Created Oct 1, 2019ReportNominate
Tags:1990, crack, mega

Top Quizzes Today


Score Distribution

Paid Content

Your Account Isn't Verified!

In order to create a playlist on Sporcle, you need to verify the email address you used during registration. Go to your Sporcle Settings to finish the process.

Report this User

Report this user for behavior that violates our Community Guidelines.

Details: